| 000 | 00430nam a22001457a 4500 | ||
|---|---|---|---|
| 008 | 250702b |||||||| |||| 00| 0 eng d | ||
| 020 | _a9781556204104 | ||
| 050 |
_aBF637.C6 _b.C63 |
||
| 100 | _aCopuzzi David | ||
| 245 |
_aCounselling and psychotheraphy _bTheories and inyerventions |
||
| 260 |
_aAlexandria _bAmerican counseling association _c2022 |
||
| 300 |
_axxi, 447p. _bill |
||
| 650 | _aCounselling association | ||
| 942 | _cBK | ||
| 999 |
_c4050 _d4050 |
||